000
00355pab a2200157 454500
008
180718b2009 xxu||||| |||| 00| 0 eng d
100
_a
Choudhary, Sujit Kumar
245
_a
Understanding ethnography
260
_c
2009
300
_a
p.213-26.
362
_a
Apr-Jun
650
_a
Ethnology
773
_a
Social Action
908
_a
N
909
_a
82254
999
_c
82254
_d
82254